|
|
|
|
| LEADER |
00792cam a2200205 7i4500 |
| 001 |
0000018331 |
| 005 |
20060906090000.0 |
| 022 |
0 |
0 |
|a 1394-6188
|
| 090 |
0 |
0 |
|a M 658.5025
|b MAL
|
| 245 |
0 |
0 |
|a Malaysia logistics directory 2006/ 2007.
|
| 260 |
0 |
0 |
|a Shah Alam, Selangor:
|b Marshall Cavendish,
|c 2006.
|
| 300 |
# |
# |
|a 223 p.
|
| 650 |
0 |
0 |
|a Malaysia
|
| 650 |
0 |
0 |
|a Transportation, Automotive --
|x Directories --
|z Malaysia
|
| 650 |
0 |
0 |
|a Railroads --
|x Directories --
|z Malaysia
|
| 650 |
0 |
0 |
|a Freight and freightage --
|x Directories --
|z Malaysia
|
| 650 |
0 |
0 |
|a Industrial transport --
|x Directories --
|z Malaysia
|
| 650 |
0 |
0 |
|a Logistics --
|x Directories --
|z Malaysia
|
| 999 |
|
|
|a SRW000013H
|b Directories
|c Malaysia
|e MATRADE Sarawak
|
| 999 |
|
|
|a PNG000633H
|b Directories
|c Malaysia
|e MATRADE Northern Regional Office
|